HUMAN AUDITORY EVOKED POTENTIALS (Record no. 23672)
[ view plain ]
| 000 -LEADER | |
|---|---|
| fixed length control field | 00488nam a22001697a 4500 |
| 003 - CONTROL NUMBER IDENTIFIER | |
| control field | SGT |
| 020 ## - INTERNATIONAL STANDARD BOOK NUMBER | |
| International Standard Book Number | 9781597563628 |
| 082 ## - DEWEY DECIMAL CLASSIFICATION NUMBER | |
| Classification number | 617.882 |
| Item number | H11P |
| 100 ## - MAIN ENTRY--PERSONAL NAME | |
| Personal name | PICTON, TERENCE W. |
| 245 ## - TITLE STATEMENT | |
| Title | HUMAN AUDITORY EVOKED POTENTIALS |
| 250 ## - EDITION STATEMENT | |
| Edition statement | 1ST |
| 260 ## - PUBLICATION, DISTRIBUTION, ETC. (IMPRINT) | |
| Place of publication, distribution, etc | SAN DIEGO |
| Name of publisher, distributor, etc | PLURAL PUB |
| Year of Publication | 2011 |
| 300 ## - PAGE DESCRIPTION | |
| No. of Pages | 634 |
| 650 ## - SUBJECT ADDED ENTRY--TOPICAL TERM | |
| Topical term or geographic name as entry element | AUDIOLOGY |
| 653 ## - KEYWORDS--INDEX TERM | |
| Keyword term | HUMAN AUDITORY EVOKED POTENTIALS |
| -- | AUDITORY |
| -- | AUDITORY NEUROPATHY |
| -- | INFANT HEARING ASSESSMENT |
| -- | SOUND TO CHARM THE BRAIN |
| 942 ## - ADDED ENTRY ELEMENTS (KOHA) | |
| Source of classification or shelving scheme | Dewey Decimal Classification |
| Koha item type | Books |
| Withdrawn status | Lost status | Source of classification or shelving scheme | Damaged status | Not for loan | Collection code | Home library | Current library | Shelving location | Date acquired | Vendor Name | Cost, normal purchase price | SGTU | Bill Number | Total Checkouts | Full call number | Accession No. (Barcode) | Date last seen | Bill Date | Koha item type |
|---|---|---|---|---|---|---|---|---|---|---|---|---|---|---|---|---|---|---|---|
| Dewey Decimal Classification | Not For Loan | MEDICAL | SGT Medical Library | SGT Medical Library | Reference Book | 05/01/2023 | ADWELL BOOK COMPNY | 15709.00 | SGTU | 1781 | 617.882 H11P | FM13470 | 05/01/2023 | 01/12/2022 | Books |